Adaptive Behavior Assessment system manual (Record no. 2649)

000 -LEADER
fixed length control field 00278nam a22001217a 4500
082 ## - DEWEY DECIMAL CLASSIFICATION NUMBER
Classification number 155.24
100 ## - MAIN ENTRY--PERSONAL NAME
Personal name Patti L. Harrison
245 ## - TITLE STATEMENT
Title Adaptive Behavior Assessment system manual
250 ## - EDITION STATEMENT
Edition statement 2nd ed
260 ## - PUBLICATION, DISTRIBUTION, ETC.
Place of publication, distribution, etc. Oakland
Name of publisher, distributor, etc. Thomas WPS
Date of publication, distribution, etc. 2003
300 ## - PHYSICAL DESCRIPTION
Extent 341p
942 ## - ADDED ENTRY ELEMENTS (KOHA)
Koha item type Book
Holdings
Withdrawn status Lost status Damaged status Not for loan Collection code Permanent Location Current Location Shelving location Date acquired Total Checkouts Full call number Barcode Checked out Date last seen Date last checked out Price effective from Koha item type Source of classification or shelving scheme
          Central Library (CL) Central Library (CL) General Stacks 03/09/2016 1 155.24 HAR S3H-P-132 11/09/2018 10/25/2018 10/25/2018 03/09/2016 Book  
          Central Library (CL) Central Library (CL) General Stacks 07/26/2018 1 155.24 HAR S3H-P-131 11/09/2018 10/25/2018 10/25/2018 07/26/2018 Book  
          Central Library (CL) Central Library (CL) General Stacks 07/26/2018 1 155.24 HAR S3H-P-130 11/09/2018 10/25/2018 10/25/2018 07/26/2018 Book  
          Central Library (CL) Central Library (CL) General Stacks 07/26/2018 1 155.24 HAR S3H-P-133 11/09/2018 10/25/2018 10/25/2018 07/26/2018 Book  
© 2023 Central Library, National University of Sciences and Technology. All Rights Reserved.